Quick Pick: World Series Winners (2010s) Quiz Stats

 Plays Quiz Updated Oct 31, 2019

Score 0/7 Timer 01:00
3 Plays Today
% Correct
Boston Red Sox
94.7%
Chicago Cubs
93.1%
Washington Nationals
90.8%
Houston Astros
90.4%
San Francisco Giants
88.2%
Kansas City Royals
85.7%
St. Louis Cardinals
83.4%

Today's Daily Dose

Word Ladder
Lean on Me

Get the Picture
Superhero by Villain

You're not logged in!

Compare scores with friends on all Sporcle quizzes.
OR
Log In

Sporcle TV

Today on Sporcle TV


Watch our educational content, quiz creation guides, and fun videos on Sporcle TV.

Show Comments

Extras

Top Quizzes Today


Score Distribution

Your Account Isn't Verified!

In order to create a playlist on Sporcle, you need to verify the email address you used during registration. Go to your Sporcle Settings to finish the process.

Report this User

Report this user for behavior that violates our Community Guidelines.

Details: